LDR 00933naa#a2200169#i#450# 001 RU\INFRA-M\bibl\118037 005 20260419083946.7 011 ## _a1998-0701 100 ## _a20260227b2026####ek#y0rusy0150####ca 102 ## _aRU 200 1# _aПроблемы учета затрат на текущий и капитальный ремонт в строительных организациях малого бизнеса _eЖурнальная статья 210 1# _aМосква _cОбщество с ограниченной ответственностью «Научно-издательский центр ИНФРА-М» _d2026 215 ## _a9 с. 608 ## _aЖурнальная статья _2local 675 ## _aна обслуживание и управление производством (административно-управленческие расходы). 657.471.65 _z 700 #1 _aХарчева _gИ. В. 856 4# _anaukaru.ru _u